| 000 | | | 04927cbm0a2200301#x 450 |
| 001 | | | 29507ab6-16f9-4a3a-84cc-a9b9fa590940 |
| 005 | | | 20250926145312.0 |
| 100 | ## | $a | 20250926j19440327k###0rusy50 ca |
| 101 | 0# | $a | rus |
| 102 | ## | $a | RU |
| 105 | ## | $a | y###z######## |
| 122 | 0# | $a | d19440327## |
| 200 | 1# | $a | Постановление ГКО СССР № 5483 с об обеспечении выпуска турбокислородных установок системы академика Капицы, с приложением ведомостей материалов, оборудования, изделий, удобрений, горючего, скота, квалифицированных рабочих и перечня мероприятий по обеспечению Главкислорода при СНК СССР материалами и оборудованием |
| | $j | 27 марта 1944 г. |
| 251 | ## | $c | Документ |
| 300 | ## | $a | Рассылочный и подлинный экземпляры |
| 461 | #0 | $1 | 2001 |
| | $a | Ф. 644 |
| | $1 | 251 |
| | $c | Фонд |
| | $1 | 852 |
| | $j | 644 |
| 462 | #0 | $1 | 2001 |
| | $a | Оп. 1 |
| | $1 | 251 |
| | $c | Опись |
| | $1 | 852 |
| | $j | 1 |
| 601 | 01 | $2 | nlr_sh |
| | $3 | RU\NLR\AUTH\661357732 |
| | $a | СССР |
| | $b | Государственный Комитет Обороны |
| | $j | Документы и материалы |
| 605 | ## | $2 | prlib_sh |
| | $3 | LIBNET\UAF\0000088514 |
| | $a | Вторая мировая война в архивных документах (Комплекс оцифрованных архивных документов, кино- и фотоматериалов) |
| | $l | коллекция |
| 606 | 1# | $2 | nlr_sh |
| | $3 | RU\NLR\AUTH\661323374 |
| | $a | Промышленность |
| | $x | История |
| | $y | СССР |
| | $z | 1941 - 1945 |
| | $j | Документы и материалы |
| 606 | 1# | $2 | nlr_sh |
| | $3 | RU\NLR\AUTH\661280795 |
| | $a | Великая Отечественная война |
| | $z | 1941 - 1945 |
| | $x | Тыл(воен.) |
| | $j | Документы и материалы |
| 606 | 1# | $2 | nlr_sh1 |
| | $3 | RU\NLR\AUTH\66229842 |
| | $a | Турбодетандеры воздухоразделительных установок |
| | $j | Документы и материалы |
| 686 | ## | $a | 63.3(2)622,13-202ю11 |
| | $v | LBC/M |
| | $2 | rubbk |
| 801 | #0 | $a | RU |
| | $b | ПБ им. Б.Н. Ельцина |
| | $c | 20250926 |
| 801 | #1 | $a | RU |
| | $b | ПБ им. Б.Н. Ельцина |
| | $c | 20250926 |
| | $2 | rusmarc |
| 801 | #2 | $a | RU |
| | $b | ПБ им. Б.Н. Ельцина |
| | $c | 20250926 |
| | $2 | rusmarc |
| 850 | ## | $a | Российский государственный архив социально-политической истории |
| 852 | ## | $a | РГАСПИ |
| | $j | Д. 221. Л. 120-155; Оп. 2. Д. 299. Л. 93-128об. |
| 035 | ## | $a | LIBNET\0001500757 |
| 937 | ## | $d | 197729942 |
| | $h | Федеральное архивное агентство |
| 856 | 4# | $u | http://readingroom.main.prlib.ru/item.aspx?id_node=n197729942&mode=full |